000 00497pab a2200181 454500
008 180718b2014 xxu||||| |||| 00| 0 eng d
100 _aBaluch, Mazhar-ul-Haaq
245 _aInflation and economic growth in Pakistan (an econometric approach)
260 _c2014
300 _ap.201-238.
362 _aOct
650 _aInflation - Pakistan
650 _aEconomic growth - Pakistan
650 _aEconomic growth
773 _aIndian Journal of Economics
908 _aN
909 _a106922
999 _c106917
_d106917